LEADER 00914nam a2200217 4500 001 000000357709 003 CaOOAMICUS 005 20240322094116.0 008 240322s1925 it 000 u ita r 040 $aSeMil$bita 100 1 $aValdambrini, Giulio.$0(OLS)http://semarc/name/119430 245 12$aL'opera scolastica della Chiesa fino al 1492 / $cGiulio Valdambrini. 264 1$aRoma :$bRassegna Nazionale,$c1925. 300 $a31 p. ;$c23 cm 500 $aEstratto da: Rassegna Nazionale fasc. di Agosto-Settembre 1925 650 4$aScuola - Storia.$0(OLS)http://semarc/subject/3359 850 $aSeMil 852 $aSeMil$W1$xVenegono$y1$m5B VI 5/18$j246914$B248881$CSeMilBibl$Z2$F248881 $81 996 $6245$aL'opera scolastica della Chiesa fino al 1492 / $9(OLS)http://semarc/title/447984 996 $6264$aRoma :$bRassegna Nazionale$9(OLS)http://semarc/publisher/44099 LEADER 00922nam a2200229 i 4500 001 000000127835 003 CaOOAMICUS 005 20040706000000.0 008 040706s1970 it u000 u ita u 013 $a100549 040 $aSeMil$bita 100 1 $aGozzano, Mario.$0(OLS)http://semarc/name/53175 245 10$aCompendio di psichiatria /$cMario Gozzano Professore di Neurologia e Psichiatria nell'Università di Roma. 250 $a10. ed. riveduta ed aggiornata. 260 $aTorino :$bRosenberg & Sellier,$c1970. 300 $aXII, 211 p. ;$c21 cm. 650 4$aPsichiatria - Manuali.$0(OLS)http://semarc/subject/3211 850 $aSeMil 852 $aSeMil$W1$xVenegono$y1$m197 4 *$j82088$B82088$CSeMilBibl$Z2$F85915 $81 961 $aRecupero: Deposito 996 $6245$aCompendio di psichiatria$9(OLS)http://semarc/title/188751 996 $6260$aTorino :$bRosenberg & Sellier$9(OLS)http://semarc/publisher/29742 LEADER 01880nam a2200349 i 4500 001 000000248431 003 CaOOAMICUS 005 20260204145031.0 008 160323s1724 xx u000 u lat u 013 $a227336 026 $ao,12 loi- t.us tepe (3) 1724 (R) 040 $aSeMil$bita 110 2 $aChiesa Cattolica.$0(OLS)http://semarc/name/987 245 10$aCaeremoniale continens ritus electionis romani pontificis Gregorii Papae 15. Iussu editum cui praefiguntur constitutiones pontificiae, & conciliorum decreta ad eam rem pertinentia. 260 $aRomae :$bTypis Rev. Cam. Apostolicae,$c1724. 300 $a[4], 126, [2], 69 [1] p. ;$c4°. 500 $aP. 12 e 40 non numerate 500 $aStemma papale xilogr. sul front. 500 $aContiene con proprio front. tipogr.: Compendio della cose principali contenute nel ceremoniale di Gregorio 15. ... per facilitare alli signori cardinali il nuovo modo di eleggere il papa, e per istruzione delli maestri di ceremonie 650 4$aPapi - Elezione.$0(OLS)http://semarc/subject/4802 650 4$aCerimoniale - Rito romano.$0(OLS)http://semarc/subject/59482 700 0 $aGregorius XV,$c.$0(OLS)http://semarc/name/25994 710 2 $aStamperia Camerale$b.$0(OLS)http://semarc/name/4421 850 $aSeMil 852 $aSeMil$W1$xVenegono$y1$m3K III 16 FA$j198777$B198777$CSeMilBibl$Z2$F210040 $8I 900 0 $aGregorio XV$c. 910 2 $aSanta Sede. 996 $6245$aCaeremoniale continens ritus electionis romani pontificis Gregorii Papae 15. Iussu editum cui praefiguntur constitutiones pontificiae, & conciliorum decreta ad eam rem pertinentia$9(OLS)http://semarc/title/350585 996 $6260$aRomae :$bTypis Rev. Cam. Apostolicae$9(OLS)http://semarc/publisher/48020